| 000 | 00000nam##2200000za#4500 |
| 001 | 9.635561 |
| 003 | CaOODSP |
| 005 | 20210624220319 |
| 007 | cr ||||||||||| |
| 008 | 150407|2008||||xxc|||||o f|0| 0 fre|d |
| 020 | |a978-0-662-04484-0 |
| 040 | |aCaOODSP|bfre |
| 043 | |an-cn--- |
| 086 | 1 |aEn4-90/2008F-PDF |
| 110 | 1 |aCanada. |bEnvironnement Canada. |
| 245 | 10|aAccès aux ressources génétiques forestières et partage des avantages : |h[ressource électronique]|bopportunités et défis potentiels pour les gouvernements et les parties concernées du milieu forestier - rapport d'atelier |
| 260 | |aOttawa - Ontario : |bEnvironnement Canada |cc2008. |
| 300 | |a30p. |
| 500 | |a«Atelier parrainé par le gouvernement du Canada et le gouvernement du Nouveau-Brunswick, février 2006.» Le n° de catalogue (En4-9/2008) et l'ISBN (978-0-662-05864-9) de l'édition imprimée bilingue ont été incorrectement copiés dans la publication électronique. |
| 590 | |a12-24-Supp|b2012-05-30 |
| 691 | 07|aForêt|2gcpds |
| 691 | 07|aGénétique|2gcpds |
| 775 | 08|tAccess to forest genetic resources and benefit sharing : |w(CaOODSP)9.691227 |
| 856 | 40|ahttp://publications.gc.ca|qPDF|s2.70 Mo|uhttps://publications.gc.ca/collections/collection_2012/ec/En4-90-2008-fra.pdf |